Congreso en Maldoror / (Record no. 97336)

MARC details
000 -LEADER
campo de control de longitud fija 00512nam a2200181 i 4500
001 - NÚMERO DE CONTROL
campo de control 97336
003 - IDENTIFICADOR DE NÚMERO DE CONTROL
campo de control ES-MaACL
005 - FECHA Y HORA DE LA ÚLTIMA TRANSACCIÓN
campo de control 20240515063049.0
007 - CAMPO FIJO DE DESCRIPCIÓN FÍSICA--INFORMACIÓN GENERAL
campo de control de longitud fija t|
008 - DATOS DE LONGITUD FIJA--INFORMACIÓN GENERAL
campo de control de longitud fija 050711s1970 sp ||||1| spa d
100 0# - ENTRADA PRINCIPAL--NOMBRE DE PERSONA
Nombre de persona Marco, Concha de,
Fechas asociadas al nombre 1916-
9 (RLIN) 76456
245 10 - MENCIÓN DEL TÍTULO
Título Congreso en Maldoror /
Mención de responsabilidad, etc. Concha de Marco.
260 ## - PUBLICACIÓN, DISTRIBUCIÓN, ETC.
Lugar de publicación, distribución, etc. Madrid :
Nombre del editor, distribuidor, etc. Biblioteca Nueva,
Fecha de publicación, distribución, etc. 1970.
300 ## - DESCRIPCIÓN FÍSICA
Extensión 123 p., 1 lám. (1) ;
Dimensiones 21 cm.
500 ## - NOTA GENERAL
Nota general (1) Retr. aut.
852 ## - LOCALIZACIÓN
Ubicación ES-MaACL
Número de control de estantería C-38423
Sublocalización o colección R.74873
Holdings
Estatus retirado Estado de pérdida Estado de daño No para préstamo Biblioteca de origen Biblioteca actual Ubicación en estantería Fecha de adquisición Fuente de adquisición Total de préstamos Signatura topográfica completa Código de barras Visto por última vez Precio de reemplazo Tipo de ítem Koha
        Biblioteca del Ateneo de Madrid Biblioteca del Ateneo de Madrid Depósito 2 17/01/2008     C-38423 1101613 23/02/2023 23/02/2023 Libro impreso